[Event "Kostroma Volga Cup op"]
[Site "Kostroma"]
[Date "2010.07.??"]
[Round "3"]
[White "Dmitriev, Pavel"]
[Black "Konovalov, Viatcheslav"]
[Result "1/2-1/2"]
[WhiteElo "1891"]
[BlackElo "2063"]
[PlyCount "126"]
[EventDate "2010.07.??"]
[EventType "swiss"]
[EventRounds "9"]
[EventCountry "RUS"]
[SourceTitle "EXT 2011"]
[Source "ChessBase"]
[SourceDate "2010.11.26"]
[SourceVersion "1"]
[SourceVersionDate "2010.11.26"]
[SourceQuality "1"]

1. e4 e5 2. Nf3 Nc6 3. Bb5 a6 4. Ba4 d6 5. d4 b5 6. Bb3 Nxd4 7. Nxd4 exd4 8. Qxd4 c5 9. Qc3 c4 10. Bxc4 bxc4 11. Qxc4 Be6 12. Qe2 Qc7 13. b3 Be7 14. Bb2 Bf6 15. Bxf6 Nxf6 16. 0-0 0-0 17. c4 Rfe8 18. Nc3 Qc5 19. Qd2 Bd7 20. Rfe1 Bc6 21. Qd3 Qe5 22. f3 Nh5 23. Nd5 Bxd5 24. Qxd5 Qxd5 25. exd5 Rxe1+ 26. Rxe1 Kf8 27. Kf2 Re8 28. Rd1 Ke7 29. Rd4 Nf6 30. Ke3 a5 31. Kd2 Kd7 32. a3 Kc7 33. Rf4 Kb6 34. g4 h6 35. h4 Re7 36. g5 hxg5 37. hxg5 Nh5 38. Rg4 g6 39. b4 Re5 40. Re4 Rxe4 41. fxe4 axb4 42. axb4 Nf4 43. Ke3 Nh3 44. e5 Kc7 45. Kd4 Nxg5 46. exd6+ Kxd6 47. c5+ Kd7 48. b5 Nf3+ 49. Ke4 Nd2+ 50. Ke5 Nc4+ 51. Kd4 Na5 52. Ke5 Ke7 53. d6+ Kd8 54. c6 g5 55. Kf5 Nc4 56. d7 Nd6+ 57. Kxg5 Nxb5 58. Kf6 Nd6 59. Ke5 Ke7 60. d8Q+ Kxd8 61. Kxd6 Kc8 62. Ke5 Kc7 63. Kf6 Kxc6 1/2-1/2

[Event "Rybinsk op"]
[Site "Rybinsk"]
[Date "2009.06.19"]
[Round "9"]
[White "Zhukov, Daniil"]
[Black "Konovalov, Viatcheslav"]
[Result "1/2-1/2"]
[WhiteElo "2059"]
[BlackElo "2079"]
[PlyCount "55"]
[EventDate "2009.06.14"]
[EventType "swiss"]
[EventRounds "9"]
[EventCountry "RUS"]
[SourceTitle "CBM 131 Extra"]
[Source "ChessBase"]
[SourceDate "2009.09.03"]
[SourceVersion "2"]
[SourceVersionDate "2009.09.16"]
[SourceQuality "1"]

1. e4 e5 2. Nf3 Nc6 3. Bb5 a6 4. Ba4 d6 5. 0-0 Bg4 6. h3 Bh5 7. c3 Qf6 8. d3 b5 9. Bb3 Nge7 10. Nbd2 g5 11. g4 Bg6 12. Ne1 h5 13. Qf3 Qg7 14. Nc2 Qh6 15. Qg2 hxg4 16. hxg4 Bg7 17. Nf3 f6 18. Qh2 Bf7 19. Ne3 Nd8 20. Nd5 Bxd5 21. Bxd5 c6 22. Bb3 Ng6 23. Qxh6 Rxh6 24. Kg2 Ke7 25. Be3 Ne6 26. Bxe6 Kxe6 27. d4 Rah8 28. Rh1 1/2-1/2

[Event "Rybinsk op"]
[Site "Rybinsk"]
[Date "2009.06.15"]
[Round "3"]
[White "Kuznetsov, Vadim"]
[Black "Konovalov, Viatcheslav"]
[Result "1-0"]
[WhiteElo "2186"]
[BlackElo "2079"]
[PlyCount "105"]
[EventDate "2009.06.14"]
[EventType "swiss"]
[EventRounds "9"]
[EventCountry "RUS"]
[SourceTitle "CBM 131 Extra"]
[Source "ChessBase"]
[SourceDate "2009.09.03"]
[SourceVersion "2"]
[SourceVersionDate "2009.09.16"]
[SourceQuality "1"]

1. d4 d5 2. c4 dxc4 3. e3 e5 4. Bxc4 exd4 5. exd4 Nf6 6. Nf3 Bb4+ 7. Nc3 0-0 8. 0-0 Nc6 9. a3 Be7 10. h3 Bf5 11. Bf4 Ne4 12. Rc1 Bd6 13. Ne5 Nxc3 14. Rxc3 Qf6 15. Re1 Rae8 16. Rce3 Bc8 17. Bg3 Bxe5 18. dxe5 Qg5 19. e6 Bxe6 20. Bxe6 Rxe6 21. Rxe6 fxe6 22. Rxe6 Qf5 23. Re3 Qb5 24. Rb3 Qa6 25. Qd5+ Kh8 26. Bxc7 Qe2 27. Bg3 Rd8 28. Qf3 Nd4 29. Qxe2 Nxe2+ 30. Kh2 Nxg3 31. Kxg3 Rd7 32. Kf4 Kg8 33. Ke5 Kf7 34. f4 b6 35. g4 Rd2 36. f5 Ke7 37. Rb4 h6 38. a4 Re2+ 39. Kf4 Kd6 40. Rd4+ Kc6 41. Re4 Rf2+ 42. Kg3 Rxb2 43. Re7 Rb3+ 44. Kh4 a5 45. Rxg7 b5 46. axb5+ Rxb5 47. Rg6+ Kd7 48. Rxh6 Rb8 49. Ra6 Rh8+ 50. Kg3 Ke7 51. Rxa5 Rb8 52. Ra6 Kf7 53. g5 1-0

[Event "Kostroma Volga Cup op"]
[Site "Kostroma"]
[Date "2008.07.??"]
[Round "9"]
[White "Konovalov, Viatcheslav"]
[Black "Bochkov, Artem"]
[Result "1-0"]
[WhiteElo "2068"]
[BlackElo "1969"]
[PlyCount "33"]
[EventDate "2008.07.??"]
[EventType "swiss"]
[EventRounds "9"]
[EventCountry "RUS"]
[SourceTitle "EXT 2009"]
[Source "ChessBase"]
[SourceDate "2008.11.26"]
[SourceVersion "1"]
[SourceVersionDate "2008.11.26"]
[SourceQuality "1"]

1. d4 c5 2. e3 Nf6 3. Nf3 g6 4. Nbd2 Bg7 5. dxc5 Qa5 6. a3 Qxc5 7. b4 Qc7 8. Bb2 d5 9. c4 dxc4 10. Bxc4 0-0 11. Rc1 Qd8 12. Qb3 a6 13. Ne5 e6 14. 0-0 b5 15. Bd3 Bb7 16. Ndf3 Nbd7 17. Rfd1 1-0

[Event "Kostroma Volga Cup op"]
[Site "Kostroma"]
[Date "2008.07.??"]
[Round "5"]
[White "Konovalov, Viatcheslav"]
[Black "Karlson, Vladilen"]
[Result "0-1"]
[WhiteElo "2068"]
[BlackElo "2227"]
[PlyCount "72"]
[EventDate "2008.07.??"]
[EventType "swiss"]
[EventRounds "9"]
[EventCountry "RUS"]
[SourceTitle "EXT 2009"]
[Source "ChessBase"]
[SourceDate "2008.11.26"]
[SourceVersion "1"]
[SourceVersionDate "2008.11.26"]
[SourceQuality "1"]

1. d4 Nf6 2. Nf3 g6 3. Nbd2 d5 4. e3 Bg7 5. b4 a5 6. b5 c5 7. c4 0-0 8. cxd5 cxd4 9. e4 e5 10. Ba3 Re8 11. Rb1 Nbd7 12. Be2 Nxd5 13. exd5 e4 14. 0-0 d3 15. Bxd3 exd3 16. Nc4 Nb6 17. Nd6 Nxd5 18. Qxd3 Nc3 19. Rb3 Bf5 20. Qc4 Be6 21. Qc5 Bxb3 22. Nxe8 Qxe8 23. axb3 Qxb5 24. Nd2 Qd3 25. Qe3 Qxe3 26. fxe3 b5 27. Kf2 Rd8 28. Nf3 b4 29. Bc1 Ne4+ 30. Ke2 Nc5 31. Nd2 Bc3 32. Nc4 Nxb3 33. e4 Rd4 34. Nb6 Rxe4+ 35. Kd3 Rd4+ 36. Kc2 Nxc1 0-1

[Event "Kazan Region-ch 6th"]
[Site "Kazan"]
[Date "2008.01.30"]
[Round "8"]
[White "Konovalov, Viatcheslav"]
[Black "Pavlovski, Yaroslav"]
[Result "0-1"]
[WhiteElo "2071"]
[BlackElo "2257"]
[PlyCount "84"]
[EventDate "2008.01.23"]
[EventType "swiss"]
[EventRounds "9"]
[EventCountry "RUS"]
[SourceTitle "CBM 122 Extra"]
[Source "ChessBase"]
[SourceDate "2008.03.04"]
[SourceVersion "1"]
[SourceVersionDate "2008.03.04"]
[SourceQuality "1"]

1. e4 d6 2. d4 Nf6 3. Nc3 g6 4. g3 Bg7 5. Bg2 0-0 6. Nge2 Nc6 7. h3 e5 8. Be3 exd4 9. Nxd4 Bd7 10. 0-0 Re8 11. Re1 a6 12. Qd2 Na5 13. Bg5 c5 14. Nd5 cxd4 15. Bxf6 Bxf6 16. Nxf6+ Qxf6 17. Qxa5 Rac8 18. Qd2 Rc5 19. Red1 Bc6 20. Re1 Ba4 21. Rac1 Rec8 22. b3 Bd7 23. Red1 Be6 24. a3 Rc3 25. a4 d3 26. cxd3 Bxb3 27. e5 Qxe5 28. d4 Rxc1 29. Rxc1 Rxc1+ 30. Qxc1 Qxd4 31. Bxb7 a5 32. Qc8+ Kg7 33. Qd8 Qb4 34. Bc6 Bxa4 35. Bxa4 Qxa4 36. Qxd6 Qa1+ 37. Kg2 a4 38. g4 a3 39. h4 a2 40. h5 gxh5 41. gxh5 Qf6 42. h6+ Qxh6 0-1

[Event "Nezhmetdinov Memorial 29th"]
[Site "Kazan"]
[Date "2007.06.02"]
[Round "2"]
[White "Bronnikov, Konstantin Alexandr"]
[Black "Konovalov, Viatcheslav"]
[Result "1/2-1/2"]
[WhiteElo "2198"]
[BlackElo "2069"]
[PlyCount "93"]
[EventDate "2007.06.01"]
[EventType "swiss"]
[EventRounds "9"]
[EventCountry "RUS"]
[SourceTitle "CBM 119 Extra"]
[Source "ChessBase"]
[SourceDate "2007.09.04"]
[SourceVersion "1"]
[SourceVersionDate "2007.09.04"]
[SourceQuality "1"]

1. e4 e5 2. Nf3 Nc6 3. Bc4 Bc5 4. d3 d6 5. Nc3 Nf6 6. Bg5 h6 7. Bxf6 Qxf6 8. Nd5 Qd8 9. c3 Ne7 10. d4 exd4 11. cxd4 c6 12. dxc5 cxd5 13. Bb5+ Bd7 14. Bxd7+ Qxd7 15. cxd6 Qxd6 16. Qa4+ Qc6 17. Qxc6+ Nxc6 18. exd5 Nb4 19. 0-0-0 0-0-0 20. d6 Rhe8 21. a3 Nc6 22. Rd2 Re6 23. Rhd1 Kd7 24. b3 Rde8 25. Kc2 Re2 26. b4 a6 27. Kc3 R8e6 28. a4 b5 29. axb5 axb5 30. Rd5 Rxf2 31. Rxb5 Re3+ 32. Kc4 Rxg2 33. Rb7+ Kd8 34. Kd5 Nxb4+ 35. Rxb4 Rxf3 36. Rb8+ Kd7 37. Rb7+ Kd8 38. Ra1 Rc2 39. Ke4 Rf6 40. d7 Rd6 41. Ke3 Rc7 42. Ra8+ Kxd7 43. Rxc7+ Kxc7 44. Ra7+ Kc6 45. Rxf7 g5 46. Ke4 Rg6 47. Ra7 1/2-1/2